| 000 | 01129nam a2200277 i 4500 | ||
|---|---|---|---|
| 001 | 179717 | ||
| 003 | ES-MaACL | ||
| 005 | 20250813063339.0 | ||
| 008 | 120112s2010 sp acf c |||| | spa d | ||
| 080 | _a017.1(460.13 S.) | ||
| 080 | _a016(460) | ||
| 100 | 1 |
_aFernández Lera, Rosa _9145689 |
|
| 245 | 1 | 0 |
_aTemas regionales y locales de España en la Biblioteca de Menéndez Pelayo _b: (1850-1912) / _cRosa Fernández Lera y Andrés del Rey Sayagués. |
| 260 |
_aSantander : _bBiblioteca de Menéndez Pelayo, _c2010. |
||
| 300 |
_aXIII, 423 p., [84] p. de lám. col. y n. ; _c24 cm. |
||
| 490 | 1 |
_aPublicaciones de la Biblioteca de Menéndez Pelayo ; _v3 |
|
| 500 | _aÍndices. | ||
| 610 | 2 | 7 |
_aBiblioteca Menéndez y Pelayo- _vCatálogos. _9149030 |
| 651 | 7 |
_aEspaña- _vBibliografías. _9149031 |
|
| 700 | 1 |
_aRey Sayagués, Andrés del. _9145690 |
|
| 710 | 2 |
_aBiblioteca Menéndez y Pelayo. _9149029 |
|
| 830 | 0 |
_aPublicaciones de la Biblioteca de Menéndez Pelayo _v3 _9191126 |
|
| 852 |
_aES-MaACL _jA-11857 _9186616 _bR.146944 _cDEPO1 _dOlim: N-4862 |
||
| 942 |
_2udc _cMONOGRAFIA |
||
| 999 |
_c179717 _d179717 |
||